Guess the 1960s song lyrics #207 - Statistics

General Stats
  • This quiz has been taken 25 times
  • The average score is 154 of 290
Answer Stats
Answer % Correct
A
95%
a
95%
the
85%
is
75%
you
70%
that
60%
about
55%
know
50%
bird
45%
Bird
45%
don't
45%
heard
45%
well
45%
Well
45%
word
45%
everybody
35%
knows
35%
everybody's
30%
Ah
25%
bird's
25%
mow
20%
Pa
20%
pa
20%
Trashmen
20%
papa
15%
Papa
15%
Surfin
15%
talking
15%
Ooma
5%
ooma
5%
No matching quizzes found
Score Distribution
Percent of People with Each Score
Percentile by Number Answered
Your Score History
You have not taken this quiz